书目信息 |
| 题名: |
微分形式导论
|
|
| 作者: | 施赖伯 , Schreiber 著 ;白正国 译 | |
| 分册: | ||
| 出版信息: | 北京 人民教育出版社 1980 |
|
| 页数: | 104页 | |
| 开本: | 21cm | |
| 丛书名: | ||
| 单 册: | ||
| 中图分类: | O172.1 | |
| 科图分类: | ||
| 主题词: | 微分--概论 | |
| 电子资源: | ||
| ISBN: | ||
| 000 | 00698nam0 2200253 45 | |
| 001 | 0180005147 | |
| 005 | 20060725153046.67 | |
| 010 | @dCNY0.30 | |
| 091 | @aCN@b13012.0510 | |
| 100 | @a19950510e19801981em y0chiy0121 ea | |
| 101 | 1 | @achi@ceng |
| 102 | @aCN@b110000 | |
| 105 | @ay z 000yy | |
| 200 | 10 | @a微分形式导论@Awei fen xing shi dao lun@f(美)施赖伯(M.Schreiber)著@g白正国译 |
| 210 | @a北京@c人民教育出版社@d1980@h1981印 | |
| 215 | @a104页@d21cm | |
| 606 | @a微分@x概论 | |
| 690 | @aO172.1@v3 | |
| 701 | 1 | @a施赖伯@Ashi lai bo@bM.@4著 |
| 701 | A1 | @aSchreiber@bM.@4著 |
| 702 | 0 | @a白正国@Abai zheng guo@4译 |
| 801 | 2 | @aCN@bNLC@c20060725 |
| 801 | 0 | @aCN@bTSSF |
| 905 | @dO172.1@e91 | |
| 微分形式导论/(美)施赖伯(M.Schreiber)著/白正国译.-北京:人民教育出版社,1980(1981印) |
| 104页;21cm |
| ISBN :CNY0.30 |
| ● |
| 相关链接 |
|
|
|
|
正题名:微分形式导论
索取号:O172.1/91
 
预约/预借
| 序号 | 登录号 | 条形码 | 馆藏地/架位号 | 状态 | 备注 |
| 1 | 0431620 | 204316203 | 密集书库/ [索取号:O172.1/91] | 在馆 | |
| 2 | 0431621 | 204316212 | 密集书库/ [索取号:O172.1/91] | 在馆 |